Nombre de départements par région - Sprint - Statistiques

Statistiques générales
  • Ce quiz a été pris 80 fois
  • Le résultat moyen est 10 sur 18
Statistiques - réponses
Hint Réponse % Correct
Guyane 1
85%
Martinique 1
85%
Corse 2
85%
La Réunion 1
82%
Guadeloupe 1
80%
Mayotte 1
80%
Bretagne 4
79%
Hauts-de-France 5
56%
Île-de-France 8
55%
Centre-Val de Loire 6
53%
Pays de la Loire 5
47%
Normandie 5
42%
Provence-Alpes-Côte d'Azur 6
41%
Bourgogne-Franche-Comté 8
36%
Grand Est 10
33%
Nouvelle-Aquitaine 12
33%
Occitanie 13
26%
Auvergne-Rhône-Alpes 12
24%
Aucun quiz correspondant
Distribution des résultats
% des personnes avec chaque résultat
Percentile par nombre de réponses
Votre historique - résultats
Vous n’avez pas pris ce quiz